LEADER 01106nam 2200373 450 001 990001047800203316 035 $a0104780 035 $aUSA010104780 035 $a(ALEPH)000104780USA01 035 $a0104780 100 $a20020320d1974----km-y0itay0103----ba 101 $aita 102 $aIT 110 $aay--------- 200 1 $aQuadrangolo$erivista di psicanalisi e scienze sociali 210 $aRoma$cBolzoni$d1974 215 $av.$d23 cm 300 $aIl sott. varia. - Sospeso per glia anni 1981, 1984. - pubbl. cassata col n.2-3 (1985). - 326 $aPeriodicità irregolare 410 $12001 421 1$1001-------$12001 430 1$1001-------$12001 606 0 $aPsicanalisi$xperiodici 676 $a150.195 801 0$aIT$bsalbc$gISBD 912 $a990001047800203316 958 $aLM$bPER VIII 53$cn.1(1974)- n.16(1983) ; n.s., n.1(1985) - n.2-3(1985) 959 $aSE 969 $aUMA 979 $aPATTY$b90$c20020320$lUSA01$h1515 979 $c20020403$lUSA01$h1745 979 $aPATRY$b90$c20040406$lUSA01$h1712 996 $aQuadrangolo$9976547 997 $aUNISA LEADER 01181nam0-22003731i-450- 001 990002404180403321 005 20110921130400.0 010 $a88-7645-012-2 035 $a000240418 035 $aFED01000240418 035 $a(Aleph)000240418FED01 035 $a000240418 100 $a20030910d1983----km-y0itay50------ba 101 0 $aita 102 $aIT 105 $aa-------001yy 200 1 $aEmbriologia umana ed anomalie congenite$e[da Atlante di anatomia, fisiopatologia e clinica]$fillustrato da Frank H. Netter$eCollezione Ciba 210 $aOriggio$cCiba Geigy$d1983 215 $aVIII, 395 p.$cill.$d31 cm 300 $aCoordinamento e supervisione a cura di Emilio Casasco 610 0 $aAnatomia patologica$aAtlanti 610 0 $aEmbriologia$aAtlanti 676 $a616.07$v11 rid.$zita 700 1$aNetter,$bFrank Henry$f<1906-1991>$049555 702 1$aCasasco,$bEmilio 801 0$aIT$bUNINA$gRICA$2UNIMARC 901 $aBK 912 $a990002404180403321 952 $a90 G 3B 03$b653$fFMEBC 952 $aIIIe C 89$b8056$fDMVSF 959 $aFMEBC 959 $aDMVSF 996 $aEmbriologia umana ed anomalie congenite$9440683 997 $aUNINA LEADER 02101nam0 2200433 i 450 001 CFI0534977 005 20251003044143.0 010 $a8846436210 020 $aIT$b2002-10257 100 $a20040225d2002 ||||0itac50 ba 101 | $aita 102 $ait 181 1$6z01$ai $bxxxe 182 1$6z01$an 200 1 $aMarchio d'area$estrumento di competizione turistica$emanuale operativo$fa cura di Antonio Scipioni, Giampietro Vecchiato$gcon scritti di M. Bagno ... [et al.] 210 $aMilano$cF. Angeli$d2002 215 $a99 p.$d23 cm. 225 | $aFormazione permanente$i. Sez. 2, Nuove tecniche$v88 410 0$1001CFI0050240$12001 $aFormazione permanente$i. Sez. 2, Nuove tecniche$v88 606 $aAziende turistiche$xMarketing$2FIR$3CFIC073270$9E 606 $aPadova $xSviluppo turistico$2FIR$3CFIC129245$9I 676 $a338.4$9Produzione. Industrie secondarie e servizi$v14 676 $a338.47910688$9BENI E SERVIZI. Turismo. Gestione del marketing$v21 696 $aImprese turistiche$aCompagnie turistiche$aMercatistica 699 $aAziende turistiche$yImprese turistiche 699 $aAziende turistiche$yCompagnie turistiche 699 $aMarketing$yMercatistica 702 1$aVecchiato$b, Giampietro$3CFIV196656 702 1$aScipioni$b, Antonio$f <1941- >$3MILV196284 790 1$aVecchiato$b, Gianpietro$3CFIV241335$zVecchiato, Giampietro 801 3$aIT$bIT-000000$c20040225 850 $aIT-BN0095 $aIT-NA0457 901 $bNAP BI$cSALA 5 $nLibri da 4151 in poi 901 $bNAP 01$cPOZZO LIB.$nVi sono collocati fondi di economia, periodici di ingegneria e scienze, periodici di economia e statistica e altri fondi comprendenti documenti di economia pervenuti in dono. 912 $aCFI0534977 950 0$aBiblioteca Centralizzata di Ateneo$c1 v.$d 01POZZO LIB.ECON MON 291$e 0101 0000037775E VMA 1 v. precedente collocazione sez. DASES B 0732$fB $h20081119$i20081119 977 $a 01$a BI 996 $aMarchio d'area$963621 997 $aUNISANNIO